000 00951nam a2200193Ia 4500
003 IEPS
005 20250703135244.0
008 250223s9999||||xx |||||||||||||| ||und||
020 _a3293294977
040 _CIEPS
041 _aara
082 _a797.2
100 _aالقط محمد علي
245 0 _aاستراتيجية السباقة في السباحة
260 _aالقاهرة
_bالمركز العربي للنشر
_c2004
300 _a206 ص.
_bجداول
_c24 سم.
520 _aتناول أهمية التهدئة لإعداد السباحين نفسيا و كذلك الإحماء الذي يساعد على إعداد الفرد الرياضي فز يولوجيا للمنافسة وتطرق إلى استعمال إستراتيجية السرعة في البرامج التدريبية و أشار إلى القوى المحركة في السباحة التي تعتمد على حركة الذراعين.
942 _cكتاب
999 _c11388
_d11388